| 000 | 01592cam a2200385 i 4500 | ||
|---|---|---|---|
| 001 | 197985 | ||
| 003 | ES-MaACL | ||
| 005 | 20260207063011.0 | ||
| 008 | 251126s2008 sp a | |||| 001 0 spa | ||
| 017 |
_aM 53413-2008 _bOficina Depósito Legal Madrid |
||
| 020 | _a978-84-9739-077-4 | ||
| 040 |
_aES-MaACL _bspa _cES-MaACL _erdc |
||
| 080 | _a929 Savoia, Emanuele Filiberto, duca di | ||
| 080 | _a94(460)"1516/56" | ||
| 080 | _a94(460)"1556/98" | ||
| 100 |
_aMerlin, Pierpaolo _d1956- _9242546 _eaut |
||
| 245 | 1 | 0 |
_aManuel Filiberto : _bDuque de Saboya y General de España / _cPierpaolo Merlin ; traducción, Mariano Corral Raciti |
| 264 |
_aSan Sebastián de los Reyes, Madrid : _bEditorial Actas, _c2008 |
||
| 300 |
_a431 páginas : _bmapa ; _c25 cm |
||
| 336 |
_2rdacontent _atexto |
||
| 337 |
_2rdamedia _asin mediación |
||
| 338 |
_2rdacarrier _avolumen |
||
| 490 | 0 |
_aPasado vivo / colección dirigida por Luis A. Ribot ; _v2 |
|
| 504 | _aIncluye referencias bibliográficas e índices | ||
| 600 | 4 |
_aSavoia, Emanuele Filiberto, _cduca di _d1528-1580 _9242547 |
|
| 651 | 7 |
_aEspaña _xHistoria _y1516-1556 (Carlos I) _2embne _98224 |
|
| 651 | 7 |
_aEspaña _xHistoria _y1556-1598 (Felipe II) _2embne _98218 |
|
| 700 | 1 |
_9242769 _aCorral Raciti, Mariano _etrl |
|
| 852 |
_aES-MaACL _cDEPO1 _jA-15897 _hDonación: José Lázaro García _xEncuadernación rústica |
||
| 942 |
_cMONOGRAFIA _n0 |
||
| 999 |
_c197985 _d197985 |
||